|
|
|
|
| LEADER |
00000nam0a2200000 4500 |
| 001 |
205855 |
| 005 |
20231101225316.0 |
| 010 |
|
|
|a 9785919160113
|
| 035 |
|
|
|a (RuTPU)RU\TPU\book\224375
|
| 090 |
|
|
|a 205855
|
| 100 |
|
|
|a 20111216d2011 k y0rusy50 ca
|
| 101 |
0 |
|
|a rus
|
| 102 |
|
|
|a RU
|
| 105 |
|
|
|a y z 000zy
|
| 200 |
1 |
|
|a Международное сотрудничество вузов Российской Федерации и государств - участников Содружества Независимых Государств. Роль технических университетов в формировании единого научно-технологического и образовательного пространства СНГ
|f Московский государственный технический университет им. Н. Э. Баумана (МГТУ) ; под ред. И. Б. Федорова
|
| 210 |
|
|
|a Москва
|c Изд-во МГТУ
|d 2011
|
| 215 |
|
|
|a 206 с.
|
| 330 |
|
|
|a Сборник включает статьи и материалы, поступившие в адрес Ассоциации технических университетов. Содержание сборника отражает проблемы развития международного сотрудничества университетов в инженерном образовании, их роль в формировании общего научно-технологического и образовательного пространства Содружества Независимых Государств. В представленных материалах отражена практическая реализация таких принципов развития высшего профессионального образования, как "обучение через науку", "синтез теории и практики", "интеграция образования, науки и производства", "межвузовское сотрудничество" в международном аспекте. Издание рассчитано на широкий круг работников органов управления образованием, промышленностью, труда и занятости, руководителей промышленных предприятий и организаций, научных учреждений и учебных заведений всех уровней профессионального и общего образования. Оно может быть полезно при решении проблем развития национальных образовательных систем, совершенствования подготовки специалистов и деятельности высших учебных заведений, решения вопросов кадрового обеспечения в различных сферах общественного производства и, прежде всего, для предприятий высокотехнологического комплекса на межгосударственном уровне в рамках СНГ.
|
| 606 |
1 |
|
|a Технические университеты
|x Общие вопросы
|2 stltpush
|3 (RuTPU)RU\TPU\subj\68014
|9 83567
|
| 610 |
1 |
|
|a высшее образование
|
| 610 |
1 |
|
|a высшее профессиональное образование
|
| 610 |
1 |
|
|a высшее университетское образование
|
| 610 |
1 |
|
|a вузы
|
| 610 |
1 |
|
|a Российская Федерация
|
| 610 |
1 |
|
|a международное сотрудничество
|
| 610 |
1 |
|
|a СНГ
|
| 610 |
1 |
|
|a образовательное пространство
|
| 686 |
|
|
|a Ч484(2)72
|v LBC/SL-A
|2 rubbk
|
| 702 |
|
1 |
|a Федоров
|b И. Б.
|4 340
|
| 712 |
0 |
2 |
|a Московский государственный технический университет им. Н. Э. Баумана (МГТУ)
|c (1989- )
|2 stltpush
|3 (RuTPU)RU\TPU\col\1562
|
| 801 |
|
1 |
|a RU
|b 63413507
|c 20111216
|
| 801 |
|
2 |
|a RU
|b 63413507
|c 20111226
|g RCR
|
| 942 |
|
|
|c BK
|